[Event "Guillermo Garcia Memorial op"]
[Site "Santa Clara"]
[Date "2022.05.09"]
[Round "9"]
[White "Esmeraldas Huachi, Anderson Yahir"]
[Black "Cordon Antunez, Olga Rachel"]
[Result "1-0"]
[WhiteElo "2030"]
[BlackElo "2004"]
[PlyCount "119"]
[EventDate "2022.04.30"]
[EventType "swiss"]
[EventRounds "9"]
[EventCountry "CUB"]
[SourceTitle "CBM 208 Extra"]
[Source "ChessBase"]
[SourceDate "2022.07.31"]
[SourceVersion "1"]
[SourceVersionDate "2022.07.31"]
[SourceQuality "1"]

1. d4 Nf6 2. c4 e6 3. Nf3 d5 4. e3 Bb4+ 5. Nbd2 0-0 6. a3 Be7 7. Bd3 b6 8. 0-0 dxc4 9. Nxc4 Bb7 10. Re1 Nbd7 11. e4 c5 12. Bf4 cxd4 13. Nd6 Nc5 14. Nxb7 Nxb7 15. e5 Nd5 16. Bc1 Nc5 17. Nxd4 Nxd3 18. Qxd3 Bc5 19. Nf3 h6 20. b4 Be7 21. Nd4 Rc8 22. Bd2 Qd7 23. b5 Nc7 24. Be3 Bc5 25. a4 Rfd8 26. Rad1 Bxd4 27. Qxd4 Qxd4 28. Bxd4 Nd5 29. a5 Kf8 30. Kf1 Ke7 31. axb6 axb6 32. Ra1 Rc4 33. Bb2 Ke8 34. Ra7 Rb4 35. Ba3 Rxb5 36. Bd6 Ra5 37. Rb7 Raa8 38. Rc1 Rd7 39. Rb8+ Rxb8 40. Bxb8 Rd8 41. Bd6 Kd7 42. Ra1 Kc6 43. Ra7 Rd7 44. Rxd7 Kxd7 45. Bf8 b5 46. Ke2 g6 47. Bxh6 Kc6 48. Kd3 Nb6 49. Kd4 b4 50. h4 Kb5 51. g4 b3 52. Bc1 Kb4 53. h5 Nd7 54. h6 Nf8 55. g5 Nh7 56. f4 Nf8 57. Bd2+ Ka3 58. Bc3 b2 59. Bxb2+ Kxb2 60. Kc5 1-0

[Event "Santiago de Cuba Province-ch final"]
[Site "Santiago de Cuba"]
[Date "2018.09.28"]
[Round "5"]
[White "Cordon Antunez, Olga Rachel"]
[Black "Rodriguez Ruiz, Jose Manuel"]
[Result "0-1"]
[WhiteElo "1854"]
[BlackElo "1894"]
[PlyCount "34"]
[EventDate "2018.09.26"]
[EventType "swiss"]
[EventRounds "9"]
[EventCountry "CUB"]
[SourceTitle "EXT 2021"]
[Source "ChessBase"]
[SourceDate "2020.10.23"]
[SourceVersion "1"]
[SourceVersionDate "2020.10.23"]
[SourceQuality "1"]

1. e4 c5 2. Nf3 Nc6 3. Bb5 e6 4. 0-0 Nge7 5. c3 d5 6. exd5 exd5 7. Re1 h6 8. Ne5 Be6 9. f4 Qb6 10. Qa4 c4+ 11. d4 0-0-0 12. Be3 Nf5 13. Bf2 Nxe5 14. fxe5 a6 15. Be8 Be7 16. Bxf7 Bxf7 17. Qc2 Bg6 0-1

[Event "CUB Province-chT Schools 54th"]
[Site "Santa Clara"]
[Date "2018.07.15"]
[Round "6.7"]
[White "Cordon Antunez, Olga Rachel"]
[Black "Tornes Rosquet, Ingry"]
[Result "1/2-1/2"]
[WhiteElo "1851"]
[BlackElo "1574"]
[PlyCount "65"]
[EventDate "2018.07.13"]
[EventType "team-swiss"]
[EventRounds "9"]
[EventCountry "CUB"]
[SourceTitle "CBM 195 Extra"]
[Source "ChessBase"]
[SourceDate "2020.05.31"]
[SourceVersion "1"]
[SourceVersionDate "2020.05.31"]
[SourceQuality "1"]
[WhiteTeam "Holguin"]
[BlackTeam "Artemisa"]
[WhiteTeamCountry "CUB"]
[BlackTeamCountry "CUB"]

1. e4 e5 2. Nf3 Nf6 3. Nxe5 d6 4. Nf3 Nxe4 5. d4 d5 6. Bd3 Bd6 7. 0-0 0-0 8. Nbd2 f5 9. Ne5 Nxd2 10. Bxd2 Nd7 11. f4 c5 12. Nxd7 Bxd7 13. dxc5 Bxc5+ 14. Kh1 Qb6 15. Rf3 Qxb2 16. Rb1 Qxa2 17. Rxb7 Rab8 18. Rxb8 Rxb8 19. Rf1 a5 20. h3 a4 21. Bc3 d4 22. Ba1 a3 23. c4 dxc3 24. Bxc3 Bc6 25. Be2 Re8 26. Bf3 Bxf3 27. Rxf3 Rb8 28. Kh2 Qe6 29. Be5 Ra8 30. Qa1 Qd7 31. Bxg7 Kf7 32. Bh8 Rg8 33. Be5 1/2-1/2

[Event "CUB Province-chT Schools 54th"]
[Site "Santa Clara"]
[Date "2018.07.15"]
[Round "5.3"]
[White "Hernandez Gil, Ineymig"]
[Black "Cordon Antunez, Olga Rachel"]
[Result "1-0"]
[WhiteElo "2081"]
[BlackElo "1851"]
[PlyCount "45"]
[EventDate "2018.07.13"]
[EventType "team-swiss"]
[EventRounds "9"]
[EventCountry "CUB"]
[SourceTitle "CBM 195 Extra"]
[Source "ChessBase"]
[SourceDate "2020.05.31"]
[SourceVersion "1"]
[SourceVersionDate "2020.05.31"]
[SourceQuality "1"]
[WhiteTeam "Camaguey"]
[BlackTeam "Holguin"]
[WhiteTeamCountry "CUB"]
[BlackTeamCountry "CUB"]

1. e4 e5 2. Nf3 Nc6 3. Bc4 Be7 4. d3 Nf6 5. Bb3 d6 6. 0-0 0-0 7. c3 Bg4 8. h3 Bh5 9. Re1 h6 10. Nbd2 Nh7 11. g4 Bg6 12. Kg2 Ng5 13. Nh4 Bh7 14. Nf5 g6 15. Nxh6+ Kg7 16. Nf3 Kxh6 17. h4 f6 18. hxg5+ fxg5 19. Rh1+ Kg7 20. Qg1 Qd7 21. Kf1 Rxf3 22. Qh2 Raf8 23. Qh6+ 1-0

[Event "CUB Province-chT Schools 54th"]
[Site "Santa Clara"]
[Date "2018.07.14"]
[Round "3.2"]
[White "Cordon Antunez, Olga Rachel"]
[Black "Diaz Garcia, Lianet"]
[Result "1-0"]
[WhiteElo "1851"]
[BlackElo "1896"]
[PlyCount "143"]
[EventDate "2018.07.13"]
[EventType "team-swiss"]
[EventRounds "9"]
[EventCountry "CUB"]
[SourceTitle "CBM 195 Extra"]
[Source "ChessBase"]
[SourceDate "2020.05.31"]
[SourceVersion "1"]
[SourceVersionDate "2020.05.31"]
[SourceQuality "1"]
[WhiteTeam "Holguin"]
[BlackTeam "Matanzas"]
[WhiteTeamCountry "CUB"]
[BlackTeamCountry "CUB"]

1. e4 c5 2. Nf3 e6 3. d4 cxd4 4. Nxd4 a6 5. c4 Qc7 6. Nc3 b6 7. a3 Bb7 8. Be3 Nf6 9. f3 Be7 10. Rc1 0-0 11. Be2 Nc6 12. b4 Rac8 13. 0-0 Rfd8 14. Qb3 Bd6 15. Nxc6 Bxc6 16. g3 h5 17. f4 Nxe4 18. Nxe4 Bxe4 19. Bxh5 g6 20. Bf3 Bxf3 21. Rxf3 Bf8 22. Bd4 Bg7 23. Bxg7 Kxg7 24. Qb2+ Kg8 25. f5 exf5 26. Rf4 Qd6 27. Rcf1 Rf8 28. g4 fxg4 29. Rxg4 f5 30. Rh4 Qf6 31. Qxf6 Rxf6 32. Rd4 Rc7 33. Rfd1 f4 34. Rxd7 Rxc4 35. Ra7 Rc8 36. Rxa6 f3 37. Rd2 Rcf8 38. Ra7 g5 39. Kf2 Rh6 40. Kg3 g4 41. Rf2 Rg6 42. Re7 Rf7 43. Re8+ Kg7 44. Re4 Ra7 45. Rxg4 Rxa3 46. Rxg6+ Kxg6 47. Rxf3 Ra4 48. Rf4 Ra3+ 49. Kg4 Rb3 50. Rd4 Kg7 51. h4 Rb1 52. Kg5 Rg1+ 53. Rg4 Rd1 54. Kh5+ Kh7 55. Rg5 Rd4 56. b5 Rb4 57. Rd5 Rb1 58. Kg5 Rg1+ 59. Kf6 Rh1 60. h5 Rb1 61. Ke7 Kh6 62. Kd7 Rc1 63. Rd6+ Kxh5 64. Rxb6 Kg5 65. Rc6 Rh1 66. b6 Rh7+ 67. Kc8 Rh8+ 68. Kb7 Kf5 69. Ka7 Ke5 70. b7 Kd5 71. Rc8 Rh7 72. Ka8 1-0

[Event "Bayamo Cespedes tt"]
[Site "Bayamo"]
[Date "2018.03.03"]
[Round "5.2"]
[White "Hernandez Gil, Ineymig"]
[Black "Cordon Antunez, Olga Rachel"]
[Result "1-0"]
[WhiteElo "1945"]
[BlackElo "1862"]
[PlyCount "99"]
[EventDate "2018.03.01"]
[EventType "team-tourn"]
[EventRounds "10"]
[EventCountry "CUB"]
[EventCategory "1"]
[SourceTitle "CBM 195 Extra"]
[Source "ChessBase"]
[SourceDate "2020.05.31"]
[SourceVersion "1"]
[SourceVersionDate "2020.05.31"]
[SourceQuality "1"]

1. e4 e5 2. Nf3 Nc6 3. d4 exd4 4. Nxd4 Nf6 5. Nxc6 dxc6 6. Bd3 Bc5 7. 0-0 Bg4 8. Qe1 0-0 9. Bg5 Qd4 10. Nd2 Qe5 11. Bh4 Nh5 12. Nc4 Qe6 13. Qd2 b5 14. Ne3 Nf4 15. Nxg4 Qxg4 16. Bg3 Nxd3 17. Qxd3 Bb6 18. Rad1 h6 19. c4 Rfe8 20. cxb5 cxb5 21. Qxb5 Qxe4 22. Rd7 c6 23. Qb3 Qe6 24. Qxe6 Rxe6 25. Rfd1 Rae8 26. Kf1 Re2 27. R7d2 Rxd2 28. Rxd2 Ba5 29. Rd1 Rd8 30. Ke2 Rxd1 31. Kxd1 Kf8 32. Bd6+ Ke8 33. Kc2 g6 34. Kd3 Kd7 35. Bf8 h5 36. f3 Ke6 37. Bc5 a6 38. Kc4 Bc7 39. Bg1 Bb8 40. Kb4 Bc7 41. Kc5 Kd7 42. a3 a5 43. h3 Be5 44. Bd4 Bxd4+ 45. Kxd4 Kd6 46. Kc4 Kd7 47. Kc5 Kc7 48. h4 f6 49. f4 f5 50. a4 1-0

[Event "Adelquis Remon Memorial-H"]
[Site "Holguin"]
[Date "2017.11.06"]
[Round "8.2"]
[White "Rodriguez Basulto, Reyson Ricardo"]
[Black "Cordon Antunez, Olga Rachel"]
[Result "1-0"]
[WhiteElo "1837"]
[BlackElo "1810"]
[PlyCount "91"]
[EventDate "2017.11.02"]
[EventType "tourn"]
[EventRounds "10"]
[EventCountry "CUB"]
[SourceTitle "EXT 2023"]
[Source "ChessBase"]
[SourceDate "2022.10.05"]
[SourceVersion "1"]
[SourceVersionDate "2022.10.05"]
[SourceQuality "1"]

1. e4 e5 2. Nf3 Nc6 3. Bb5 a6 4. Ba4 Nf6 5. 0-0 b5 6. Bb3 Be7 7. d3 d6 8. a4 Bg4 9. c3 Na5 10. Bc2 c5 11. h3 Bd7 12. Re1 0-0 13. Nbd2 Re8 14. Nf1 c4 15. d4 Bf8 16. dxe5 dxe5 17. Bg5 Bc6 18. Qxd8 Rexd8 19. Nxe5 Re8 20. Nxc6 Nxc6 21. Bxf6 gxf6 22. Ne3 Bd6 23. Nd5 Kg7 24. Red1 Red8 25. axb5 axb5 26. Rxa8 Rxa8 27. Nxf6 Be5 28. Nd5 Ra2 29. Rb1 Bd6 30. f4 b4 31. Bd1 bxc3 32. Nxc3 Ra8 33. e5 Bc5+ 34. Kf1 Rd8 35. Be2 Be3 36. g3 Rd2 37. Nd1 Bb6 38. Bxc4 Rh2 39. Bd5 Ne7 40. Be4 Rxh3 41. Kg2 Rh6 42. f5 Kf8 43. f6 Ng6 44. Rc1 Ke8 45. Rc8+ Kd7 46. Bf5# 1-0

[Event "Adelquis Remon Memorial-H"]
[Site "Holguin"]
[Date "2017.11.03"]
[Round "3.2"]
[White "Cordon Antunez, Olga Rachel"]
[Black "Rodriguez Basulto, Reyson Ricardo"]
[Result "1/2-1/2"]
[WhiteElo "1810"]
[BlackElo "1837"]
[PlyCount "46"]
[EventDate "2017.11.02"]
[EventType "tourn"]
[EventRounds "10"]
[EventCountry "CUB"]
[SourceTitle "EXT 2023"]
[Source "ChessBase"]
[SourceDate "2022.10.05"]
[SourceVersion "1"]
[SourceVersionDate "2022.10.05"]
[SourceQuality "1"]

1. e4 c5 2. Nf3 d6 3. d4 cxd4 4. Nxd4 Nf6 5. Nc3 a6 6. Be2 e5 7. Nb3 Be7 8. Be3 Be6 9. 0-0 0-0 10. Qd3 Nbd7 11. Nd5 Bxd5 12. exd5 b5 13. a4 b4 14. c4 Nc5 15. Nxc5 dxc5 16. b3 Bd6 17. f4 Qc7 18. Qf5 Rae8 19. Bd3 exf4 20. Bxf4 Bxf4 21. Qxf4 Qxf4 22. Rxf4 Re3 23. Rd1 Ne8 1/2-1/2

[Event "CUB School-chT"]
[Site "Santa Clara"]
[Date "2017.07.13"]
[Round "2.5"]
[White "Cordon Antunez, Olga Rachel"]
[Black "Bosch Valls, Leannet Mariah"]
[Result "0-1"]
[WhiteElo "1775"]
[BlackElo "1847"]
[PlyCount "58"]
[EventDate "2017.07.13"]
[EventType "team-swiss"]
[EventRounds "9"]
[EventCountry "CUB"]
[SourceTitle "EXT 2023"]
[Source "ChessBase"]
[SourceDate "2022.10.05"]
[SourceVersion "1"]
[SourceVersionDate "2022.10.05"]
[SourceQuality "1"]

1. e4 e5 2. Nf3 Nc6 3. Bb5 a6 4. Ba4 d6 5. 0-0 Bd7 6. c3 Nf6 7. Re1 Be7 8. d3 0-0 9. Nbd2 Re8 10. Nf1 Bf8 11. Ne3 g6 12. h3 Bg7 13. Nh2 h6 14. Nhg4 Nxg4 15. Nxg4 Kh7 16. Qf3 f5 17. exf5 gxf5 18. Ne3 Rf8 19. Bc2 Kh8 20. Nd5 Ne7 21. Nxe7 Qxe7 22. d4 Bc6 23. Qh5 Qf6 24. Be3 Be8 25. Qf3 Bg6 26. Rad1 f4 27. Bxg6 fxe3 28. Qxf6 Rxf6 29. Rxe3 Rxg6 0-1